000 00249nam a22001097a 4500
003 OSt
008 221122b |||||||| |||| 00| 0 eng d
041 _aeng
082 _a336.39
_bPRE/CO
245 _aControl of public expenditure in india
942 _cBK
999 _c17585
_d17585